[Event "Labour Day op U1600"]
[Site "Toronto CAN"]
[Date "2012.09.02"]
[Round "4"]
[White "Brown, John R"]
[Black "Kurkowski, Ken"]
[Result "0-1"]
[WhiteElo "1527"]
[BlackElo "1503"]
[PlyCount "56"]
[GameId "2160767909445432"]
[EventDate "2012.09.01"]
[EventType "swiss"]
[EventRounds "6"]
[EventCountry "CAN"]

1. d4 e6 2. Nc3 d5 3. e4 Nf6 4. Bg5 Bb4 5. a3 Bxc3+ 6. bxc3 dxe4 7. f3 h6 8. Bd2 c5 9. fxe4 Nxe4 10. Nf3 Nc6 11. Bd3 Nxd2 12. Qxd2 cxd4 13. cxd4 O-O 14. O-O-O Qd6 15. Qc3 Bd7 16. Ne5 Nxe5 17. dxe5 Qc6 18. Qd4 Rfd8 19. Qh4 Rac8 20. Rhf1 Qa4 21. Qe7 Be8 22. Qxd8 Qxa3+ 23. Kb1 Rxd8 24. Bh7+ Kxh7 25. Rxd8 Qb4+ 26. Kc1 Ba4 27. Rxf7 Qc3 28. Rf2 Qe1+ 0-1

[Event "Labour Day op U1600"]
[Site "Toronto CAN"]
[Date "2012.09.02"]
[Round "4"]
[White "Malucci, Anthony"]
[Black "Pishdad, Hassan"]
[Result "1-0"]
[WhiteElo "1224"]
[BlackElo "1371"]
[PlyCount "56"]
[GameId "2160767909445433"]
[EventDate "2012.09.01"]
[EventType "swiss"]
[EventRounds "6"]
[EventCountry "CAN"]

1. d4 Nf6 2. c4 e6 3. Nf3 d5 4. e3 Nc6 5. Nc3 Bb4 6. Bd2 O-O 7. a3 Bxc3 8. Bxc3 Ne4 9. Rc1 b6 10. Nd2 Nf6 11. cxd5 exd5 12. Bd3 Re8 13. O-O Bb7 14. b4 a6 15. Qf3 Qd6 16. h3 b5 17. Bb2 Rac8 18. Rc5 Na7 19. Bf5 Rb8 20. Rfc1 c6 21. Nb3 g6 22. Bd3 Nd7 23. R5c2 Nb6 24. Nc5 Nc4 25. Bxc4 bxc4 26. e4 Qd8 27. Qf4 g5 28. Qg3 Nb5 1-0

[Event "Labour Day op U1600"]
[Site "Toronto CAN"]
[Date "2012.09.03"]
[Round "5"]
[White "Pishdad, Hassan"]
[Black "Fraser, Kyle"]
[Result "0-1"]
[WhiteElo "1371"]
[BlackElo "950"]
[PlyCount "96"]
[GameId "2160767909445434"]
[EventDate "2012.09.01"]
[EventType "swiss"]
[EventRounds "6"]
[EventCountry "CAN"]

1. d4 d5 2. c4 Nf6 3. e3 e6 4. Nc3 Bb4 5. a3 Bxc3+ 6. bxc3 c6 7. Nf3 Ne4 8. Qb3 Qa5 9. Bb2 O-O 10. Bd3 Nd6 11. cxd5 Qxd5 12. c4 Qa5+ 13. Bc3 Qc7 14. Qc2 g6 15. O-O Nd7 16. c5 Nb5 17. Bxb5 cxb5 18. Qb2 a6 19. Rfc1 Nf6 20. Qb1 Nd5 21. e4 Nxc3 22. Rxc3 Bd7 23. Ne5 Bc6 24. Nf3 b6 25. Ne5 Qb7 26. Nxc6 Qxc6 27. Qd3 Rfd8 28. Rd1 bxc5 29. d5 exd5 30. exd5 Qd6 31. g3 Rac8 32. Rc2 c4 33. Qc3 Rc5 34. Qb4 Rxd5 35. Qxd6 Rxd1+ 36. Qxd1 Rxd1+ 37. Kg2 Rd6 38. Ra2 c3 39. Rc2 a5 40. Kf1 b4 41. axb4 axb4 42. Ke2 Rd5 43. f4 f5 44. Ke3 Kf7 45. h3 Kf6 46. g4 h6 47. Ke2 Rd6 48. Ke3 Rb6 0-1

[Event "Labour Day op U2200"]
[Site "Toronto CAN"]
[Date "2012.09.01"]
[Round "2"]
[White "Armstrong, Robert J"]
[Black "Rajsic, Branislav"]
[Result "1-0"]
[WhiteElo "1642"]
[BlackElo "1921"]
[PlyCount "67"]
[GameId "2160767909445435"]
[EventDate "2012.09.01"]
[EventType "swiss"]
[EventRounds "6"]
[EventCountry "CAN"]

1. g3 Nf6 2. Bg2 g6 3. c4 Bg7 4. Qb3 c6 5. Nc3 O-O 6. d3 d6 7. Bg5 Nbd7 8. h4 Nc5 9. Qc2 Ne6 10. Bxf6 exf6 11. h5 h6 12. hxg6 fxg6 13. Nf3 f5 14. O-O-O Qa5 15. d4 Bd7 16. e3 Rab8 17. Nh4 Be8 18. g4 Ng5 19. gxf5 gxf5 20. Rdg1 Rf6 21. f4 Nh7 22. Bh3 b5 23. Bxf5 Nf8 24. Qg2 Rb7 25. Bb1 bxc4 26. Ne4 Re6 27. f5 c3 28. fxe6 cxb2+ 29. Kd1 Qa4+ 30. Qc2 Bh5+ 31. Kd2 Qb5 32. Nf6+ Kh8 33. Nxh5 Qxh5 34. Ng6+ 1-0

[Event "Labour Day op U2200"]
[Site "Toronto CAN"]
[Date "2012.09.02"]
[Round "3"]
[White "Armstrong, Robert J"]
[Black "Runstedler, Albert"]
[Result "0-1"]
[WhiteElo "1642"]
[BlackElo "1941"]
[PlyCount "80"]
[GameId "2160767909445436"]
[EventDate "2012.09.01"]
[EventType "swiss"]
[EventRounds "6"]
[EventCountry "CAN"]

1. g3 e5 2. Bg2 f5 3. c4 Nf6 4. Qb3 Nc6 5. e3 d6 6. Nc3 Qd7 7. Nge2 Nd8 8. Nd5 c6 9. Nxf6+ gxf6 10. d3 Qf7 11. e4 Ne6 12. Be3 fxe4 13. dxe4 f5 14. exf5 Qxf5 15. Nc3 Nd4 16. Bxd4 exd4 17. Ne4 Qa5+ 18. Kf1 Kd8 19. h4 Kc7 20. Bh3 Bxh3+ 21. Rxh3 Qf5 22. Ng5 Be7 23. Kg2 Raf8 24. Qf3 Qc8 25. Qe2 Qf5 26. Qd2 h6 27. Re1 Bxg5 28. hxg5 hxg5 29. Reh1 Qf3+ 30. Kg1 Rxh3 31. Rxh3 c5 32. Rh7+ Kb8 33. Rd7 Rh8 34. Rd8+ Rxd8 35. Qxg5 Rh8 36. Qh4 Rxh4 37. gxh4 d3 38. h5 d2 39. Kh2 d1=Q 40. h6 Qdh1# 0-1

[Event "Labour Day op U2200"]
[Site "Toronto CAN"]
[Date "2012.09.02"]
[Round "3"]
[White "Li, Yinshi"]
[Black "Armstrong, Robert J"]
[Result "1-0"]
[WhiteElo "1985"]
[BlackElo "1642"]
[PlyCount "59"]
[GameId "2160767909445437"]
[EventDate "2012.09.01"]
[EventType "swiss"]
[EventRounds "6"]
[EventCountry "CAN"]

1. d4 g6 2. c4 Bg7 3. Nc3 Nf6 4. g3 O-O 5. Bg2 d6 6. Nf3 Nc6 7. O-O e5 8. e3 Nd7 9. b3 f5 10. Bb2 g5 11. dxe5 dxe5 12. Nd5 e4 13. Nxg5 Qxg5 14. Bxg7 Qxg7 15. Nxc7 Nb6 16. Nxa8 Nxa8 17. Qe2 Ne5 18. f3 Nxf3+ 19. Bxf3 exf3 20. Qxf3 Nc7 21. Rad1 Ne6 22. Qd5 Kh8 23. Rxf5 b6 24. Rxf8+ Qxf8 25. Rf1 Qg7 26. Qf3 Bb7 27. Qf7 Nc7 28. Qf8+ Qxf8 29. Rxf8+ Kg7 30. Rd8 1-0

[Event "Labour Day op U2200"]
[Site "Toronto CAN"]
[Date "2012.09.02"]
[Round "4"]
[White "Armstrong, Robert J"]
[Black "Runstedler, Albert"]
[Result "0-1"]
[WhiteElo "1642"]
[BlackElo "1941"]
[PlyCount "55"]
[GameId "2160767909445438"]
[EventDate "2012.09.01"]
[EventType "swiss"]
[EventRounds "6"]
[EventCountry "CAN"]

1. g3 e5 2. Bg2 f5 3. c4 Nf6 4. Qb3 Nc6 5. e3 d6 6. Nc3 Qd7 7. Nge2 Nd8 8. Nd5 c6 9. Nxf6+ gxf6 10. d3 Qf7 11. e4 Ne6 12. Be3 fxe4 13. dxe4 f5 14. exf5 Qxf5 15. Nc3 Nd4 16. Bxd4 exd4 17. Ne4 Qa5+ 18. Kf1 Kd8 19. h4 Kc7 20. Bh3 Bxh3+ 21. Rxh3 Be7 22. Kg2 Raf8 23. Qf3 Qf5 24. Re1 Bg5 25. hxg5 Qxf3+ 26. Kg1 c5 27. Rxh7+ Kb8 28. Rd7 0-1

[Event "Labour Day op U2200"]
[Site "Toronto CAN"]
[Date "2012.09.03"]
[Round "5"]
[White "Armstrong, Robert J"]
[Black "Song, Lin"]
[Result "0-1"]
[WhiteElo "1642"]
[BlackElo "1873"]
[PlyCount "86"]
[GameId "2160767909445439"]
[EventDate "2012.09.01"]
[EventType "swiss"]
[EventRounds "6"]
[EventCountry "CAN"]

1. g3 g6 2. Bg2 Nf6 3. c4 Bg7 4. Qb3 Nc6 5. e3 b6 6. Nc3 Bb7 7. Qa4 a5 8. d4 Rb8 9. a3 e6 10. Bd2 Qc8 11. O-O-O Nxd4 12. Bxb7 Nb5 13. Nxb5 Qxb7 14. Ne2 Ne4 15. Rhf1 Nc5 16. Qc2 O-O 17. Bc3 e5 18. f4 f6 19. h4 d6 20. f5 Qe4 21. fxg6 hxg6 22. Qxe4 Nxe4 23. Kc2 Bh6 24. Rf3 Kf7 25. Rdf1 Ke7 26. b4 axb4 27. axb4 f5 28. h5 Ng5 29. R3f2 gxh5 30. Rh2 Ne6 31. Kd3 Ng7 32. g4 fxg4 33. Rxf8 Rxf8 34. Ng3 Rf3 35. Nxh5 Rxe3+ 36. Kc2 Nxh5 37. Rxh5 Rh3 38. Rf5 Rh1 39. c5 bxc5 40. bxc5 g3 41. cxd6+ cxd6 42. Bb4 Ke6 43. Rf3 g2 0-1

[Event "Labour Day op U2200"]
[Site "Toronto CAN"]
[Date "2012.09.03"]
[Round "6"]
[White "Pancer, Jeff"]
[Black "Armstrong, Robert J"]
[Result "0-1"]
[WhiteElo "1233"]
[BlackElo "1642"]
[PlyCount "60"]
[GameId "2160767909445440"]
[EventDate "2012.09.01"]
[EventType "swiss"]
[EventRounds "6"]
[EventCountry "CAN"]

1. h3 g6 2. d3 Bg7 3. e3 e5 4. b3 e4 5. d4 d5 6. a3 f5 7. g3 Nf6 8. Bb2 O-O 9. Ne2 b6 10. Nf4 Qd7 11. Be2 c5 12. Rg1 Nc6 13. Bb5 a6 14. Bxc6 Qxc6 15. Nd2 Bb7 16. Nf1 Rac8 17. Ne2 Nd7 18. c3 Rc7 19. Rh1 Rfc8 20. h4 cxd4 21. cxd4 Nc5 22. Nf4 Qb5 23. dxc5 Bxb2 24. Rb1 Bxa3 25. Nxd5 Bb4+ 26. Nxb4 Qxb4+ 27. Qd2 Qxc5 28. b4 Qb5 29. Qb2 Rc2 30. Qa3 Qe2# 0-1

[Event "Langley CC-ch"]
[Site "Langley CAN"]
[Date "2012.10.22"]
[Round "4"]
[White "Kyriakides, Savvas"]
[Black "Doknjas, John"]
[Result "0-1"]
[WhiteElo "2024"]
[BlackElo "2019"]
[PlyCount "90"]
[GameId "2160767909441790"]
[EventDate "2012.07.30"]
[EventType "swiss"]
[EventCountry "CAN"]

1. Nf3 Nf6 2. g3 d5 3. c4 e6 4. Bg2 c5 5. O-O Nc6 6. Qc2 Be7 7. d3 O-O 8. Bf4 d4 9. Ne5 Nxe5 10. Bxe5 Bd6 11. Bxd6 Qxd6 12. Nd2 Rb8 13. a3 b6 14. Qa4 Qc7 15. b4 Bd7 16. Qc2 Bc6 17. Bxc6 Qxc6 18. Rfb1 e5 19. bxc5 bxc5 20. Rxb8 Rxb8 21. Rb1 Rxb1+ 22. Qxb1 Qb6 23. Qb5 Qxb5 24. cxb5 Nd5 25. Nc4 Nc3 26. Nxe5 Nxe2+ 27. Kf1 Nc3 28. a4 Nxa4 29. Nc6 Kf8 30. Nxa7 Ke7 31. Nc6+ Kd6 32. Na5 f6 33. Nc4+ Kc7 34. h4 Nc3 35. b6+ Kc6 36. b7 Kxb7 37. Nd6+ Kc6 38. Ne8 c4 39. dxc4 Kc5 40. Nxg7 Kxc4 41. Nh5 d3 42. Ke1 Ne4 43. f3 Kc3 44. fxe4 Kc2 45. Nxf6 d2+ 0-1

[Event "Lethbridge  op"]
[Site "Lethbridge CAN"]
[Date "2012.04.14"]
[Round "1"]
[White "Berndtsson, Kurt"]
[Black "Porter, Patrick"]
[Result "0-1"]
[WhiteElo "1259"]
[BlackElo "1774"]
[PlyCount "62"]
[GameId "2160767909509640"]
[EventDate "2012.04.14"]
[EventType "swiss"]
[EventRounds "5"]
[EventCountry "CAN"]

1. e4 c5 2. Nc3 e6 3. f4 d5 4. d4 Nf6 5. Bb5+ Nc6 6. Bxc6+ bxc6 7. e5 Nd7 8. Nf3 Ba6 9. Be3 cxd4 10. Bxd4 c5 11. Bf2 Be7 12. Ne2 f6 13. O-O fxe5 14. Nxe5 Nxe5 15. fxe5 O-O 16. b3 Qc7 17. Bg3 c4 18. Rxf8+ Bxf8 19. c3 cxb3 20. Qd2 Bxe2 21. Qxe2 Qxc3 22. Rf1 b2 23. Rb1 Bc5+ 24. Bf2 Bxf2+ 25. Qxf2 Rb8 26. Qf1 Qxe5 27. Qa6 Qe3+ 28. Kh1 Qc1+ 29. Qf1 Qxf1+ 30. Rxf1 b1=Q 31. Rxb1 Rxb1# 0-1

[Event "Lethbridge  op"]
[Site "Lethbridge CAN"]
[Date "2012.04.14"]
[Round "1"]
[White "Davies, Jack"]
[Black "Yearwood, Roy"]
[Result "0-1"]
[WhiteElo "1624"]
[BlackElo "2118"]
[PlyCount "44"]
[GameId "2160767909509641"]
[EventDate "2012.04.14"]
[EventType "swiss"]
[EventRounds "5"]
[EventCountry "CAN"]

1. e4 c6 2. d4 d5 3. Nc3 dxe4 4. Nxe4 Bf5 5. Ng3 Bg6 6. Nf3 Nd7 7. Bc4 Ngf6 8. Nh4 e6 9. Be3 Nb6 10. Nxg6 hxg6 11. Bb3 Nbd5 12. Qf3 a5 13. a3 a4 14. Ba2 Bd6 15. c4 Nxe3 16. fxe3 Bxg3+ 17. Qxg3 Ne4 18. Qe5 Qh4+ 19. Ke2 Qf2+ 20. Kd3 Rh4 21. Rad1 Qxb2 22. Rhf1 Qxa3+ 0-1

[Event "Lethbridge  op"]
[Site "Lethbridge CAN"]
[Date "2012.04.14"]
[Round "1"]
[White "Rekhson, Vladislav"]
[Black "Davis-Imhof, Peter"]
[Result "1-0"]
[WhiteElo "2043"]
[BlackElo "1622"]
[PlyCount "29"]
[GameId "2160767909509643"]
[EventDate "2012.04.14"]
[EventType "swiss"]
[EventRounds "5"]
[EventCountry "CAN"]

1. e4 c5 2. Nf3 Nc6 3. c3 e5 4. Bc4 Qc7 5. O-O d6 6. d3 h6 7. a4 f5 8. Nh4 h5 9. Ng6 Rh7 10. Bxg8 Rh6 11. Bxh6 gxh6 12. Qxh5 Qg7 13. Nxe5+ Ke7 14. Qh4+ Qg5 15. Qxg5+ 1-0

[Event "Lethbridge  op"]
[Site "Lethbridge CAN"]
[Date "2012.04.14"]
[Round "1"]
[White "Steele, Len"]
[Black "Barnes, Ryan"]
[Result "1-0"]
[WhiteElo "1758"]
[BlackElo "801"]
[PlyCount "88"]
[GameId "2160767909509644"]
[EventDate "2012.04.14"]
[EventType "swiss"]
[EventRounds "5"]
[EventCountry "CAN"]

1. Nf3 Nf6 2. d4 g6 3. c3 d5 4. h3 Bg7 5. Bf4 O-O 6. e3 Nbd7 7. Be2 c5 8. O-O cxd4 9. exd4 Ne4 10. Ne1 e5 11. dxe5 Nxe5 12. Nd2 g5 13. Bxe5 Bxe5 14. Bf3 Nxd2 15. Qxd2 Be6 16. Nd3 Qf6 17. Nxe5 Qxe5 18. Rfe1 Qf4 19. Qxf4 gxf4 20. Re5 Rad8 21. Rd1 Rfe8 22. Bxd5 Bxd5 23. Rdxd5 f6 24. Rxe8+ Rxe8 25. Kf1 Kf7 26. Rd7+ Re7 27. Rd4 Ke6 28. Rxf4 Ke5 29. g3 Rd7 30. Ke2 Rd5 31. a4 Rd7 32. Rf3 Ke4 33. Rxf6 Kd5 34. Rf4 Re7+ 35. Kd2 Re4 36. Rxe4 Kxe4 37. Ke2 h5 38. f3+ Kf5 39. Ke3 a6 40. g4+ hxg4 41. hxg4+ Kg5 42. Ke4 b6 43. Ke5 b5 44. axb5 axb5 1-0

[Event "Lethbridge  op"]
[Site "Lethbridge CAN"]
[Date "2012.04.14"]
[Round "1"]
[White "Viminitz, Paul"]
[Black "Sequillion, Aaron"]
[Result "0-1"]
[WhiteElo "1497"]
[BlackElo "2016"]
[PlyCount "80"]
[GameId "2160767909509645"]
[EventDate "2012.04.14"]
[EventType "swiss"]
[EventRounds "5"]
[EventCountry "CAN"]

1. Nf3 Nf6 2. b3 g6 3. Bb2 d5 4. Bxf6 exf6 5. e3 Bg7 6. d4 O-O 7. Nbd2 Re8 8. Bd3 f5 9. O-O c5 10. Rc1 Nc6 11. c3 Qd6 12. dxc5 Qxc5 13. b4 Qd6 14. b5 Na5 15. c4 b6 16. cxd5 Qxd5 17. Nb3 Nxb3 18. Qxb3 Qxb3 19. axb3 Be6 20. Bc4 Rac8 21. Rc2 Red8 22. Ng5 Bxc4 23. bxc4 Rd3 24. Rfc1 h6 25. Nf3 Kf8 26. Kf1 Ke7 27. Ke2 Rd7 28. c5 Rxc5 29. Rxc5 bxc5 30. Rxc5 Kd6 31. Rc1 Rb7 32. Rc6+ Kd5 33. Ra6 Kc5 34. Rc6+ Kxb5 35. Rc1 Rd7 36. Nd2 a5 37. f4 a4 38. Nc4 Bf6 39. Na3+ Kb4 40. Nc2+ Kb3 0-1

[Event "Lethbridge  op"]
[Site "Lethbridge CAN"]
[Date "2012.04.14"]
[Round "1"]
[White "Wallbank, Andrew"]
[Black "Viau, Ferni"]
[Result "1-0"]
[WhiteElo "1804"]
[BlackElo "1427"]
[PlyCount "82"]
[GameId "2160767909509646"]
[EventDate "2012.04.14"]
[EventType "swiss"]
[EventRounds "5"]
[EventCountry "CAN"]

1. d4 Nf6 2. c4 e6 3. Nc3 c5 4. d5 d6 5. e4 Nbd7 6. dxe6 Ne5 7. exf7+ Nxf7 8. Nge2 Be7 9. Nf4 O-O 10. Be2 b6 11. O-O Ng5 12. Qc2 Ne6 13. Be3 Nxf4 14. Bxf4 Bb7 15. Bg3 Qe8 16. Bf3 Nh5 17. Bxh5 Qxh5 18. Rad1 Qg6 19. f3 Bc6 20. Rd3 Rad8 21. Rfd1 h5 22. Nd5 Bxd5 23. Rxd5 h4 24. Bf2 h3 25. Bg3 hxg2 26. Qxg2 Qf6 27. R1d3 Qh6 28. Qc2 Qg6 29. Kh1 Rf6 30. Qa4 Qf7 31. Kg2 Bf8 32. e5 Re6 33. Qd1 Rg6 34. b3 Qe8 35. exd6 Rd7 36. Kf2 Qd8 37. Qd2 Re6 38. Qf4 Qe8 39. Re3 Rxe3 40. Qxe3 Qg6 41. Qe4 Qf6 1-0

[Event "Lethbridge  op"]
[Site "Lethbridge CAN"]
[Date "2012.04.14"]
[Round "2"]
[White "Barnes, Ryan"]
[Black "Viminitz, Paul"]
[Result "1-0"]
[WhiteElo "801"]
[BlackElo "1497"]
[PlyCount "87"]
[GameId "2160767909509647"]
[EventDate "2012.04.14"]
[EventType "swiss"]
[EventRounds "5"]
[EventCountry "CAN"]

1. d4 Nf6 2. Nf3 b6 3. Nc3 Bb7 4. Qd3 g6 5. Bf4 Bg7 6. e4 d6 7. O-O-O Nbd7 8. Be2 O-O 9. h4 Ng4 10. Rdf1 c5 11. h5 cxd4 12. Nxd4 Nc5 13. Qg3 Nf6 14. hxg6 fxg6 15. Bc4+ Kh8 16. Qxg6 Qe8 17. Qf5 Nh5 18. Qxh5 Qxh5 19. Rxh5 Rxf4 20. Rfh1 h6 21. Nf5 e6 22. Nxd6 Bxe4 23. Ncxe4 Nxe4 24. Nxe4 Rxe4 25. R1h4 Rxh4 26. Rxh4 e5 27. Bd5 Rd8 28. c4 b5 29. b3 bxc4 30. bxc4 Bf8 31. Kc2 Kg7 32. f4 exf4 33. Rxf4 Rd7 34. Kb3 a5 35. Ka4 Bb4 36. a3 Bd2 37. Re4 Kf6 38. Re6+ Kg5 39. Kb3 Rf7 40. Re2 a4+ 41. Kxa4 Ra7+ 42. Kb3 Bc1 43. a4 Ra6 44. c5 1-0

[Event "Lethbridge  op"]
[Site "Lethbridge CAN"]
[Date "2012.04.14"]
[Round "2"]
[White "Davis-Imhof, Peter"]
[Black "Berndtsson, Kurt"]
[Result "1/2-1/2"]
[WhiteElo "1622"]
[BlackElo "1259"]
[PlyCount "136"]
[GameId "2160767909509648"]
[EventDate "2012.04.14"]
[EventType "swiss"]
[EventRounds "5"]
[EventCountry "CAN"]

1. e4 c6 2. d4 d5 3. e5 Bf5 4. g4 Bg6 5. h4 h5 6. g5 e6 7. Be2 Nd7 8. Nh3 Bf5 9. Nc3 Bb4 10. Bd2 g6 11. Nf4 Bg4 12. Bxg4 Bxc3 13. Bxc3 hxg4 14. Nd3 Qc7 15. Qxg4 Ne7 16. O-O-O Nf5 17. h5 O-O-O 18. hxg6 fxg6 19. Nf4 Rhg8 20. Nxg6 Nf8 21. Nf4 Qf7 22. Bb4 Ng6 23. Nxg6 Qxg6 24. Bc5 b6 25. Bb4 Kb7 26. Rd3 Rh8 27. Rdh3 Rxh3 28. Rxh3 a5 29. Bd2 Ka6 30. a4 c5 31. dxc5 bxc5 32. Qe2+ c4 33. b3 Nd4 34. Qd1 cxb3 35. cxb3 Rc8+ 36. Rc3 Rxc3+ 37. Bxc3 Qxg5+ 38. Kb2 Nc6 39. Qd3+ Ka7 40. Bd4+ Nxd4 41. Qxd4+ Ka8 42. Qe3 Qd8 43. Kc3 Kb7 44. Qc5 Qd7 45. f4 Qc6 46. Kd4 Qb6 47. Qxb6+ Kxb6 48. f5 exf5 49. Kxd5 Kc7 50. e6 f4 51. e7 Kd7 52. e8=Q+ Kxe8 53. Ke4 Kd7 54. Kxf4 Kc6 55. Ke4 Kc5 56. Kd3 Kb4 57. Kc2 Kc5 58. Kc3 Kd5 59. b4 axb4+ 60. Kxb4 Kc6 61. Ka5 Kb7 62. Kb4 Ka7 63. a5 Kb7 64. Kb5 Ka7 65. a6 Kb8 66. Kb4 Ka7 67. Ka5 Kb8 68. Kb6 Ka8 1/2-1/2

[Event "Lethbridge  op"]
[Site "Lethbridge CAN"]
[Date "2012.04.14"]
[Round "2"]
[White "Dunn, Garth"]
[Black "Davies, Jack"]
[Result "1-0"]
[WhiteElo "1721"]
[BlackElo "1624"]
[PlyCount "93"]
[GameId "2160767909509649"]
[EventDate "2012.04.14"]
[EventType "swiss"]
[EventRounds "5"]
[EventCountry "CAN"]

1. e4 c5 2. f4 d6 3. Nf3 e6 4. Nc3 Nf6 5. a4 Nc6 6. Bb5 Qc7 7. O-O a6 8. Bxc6+ Qxc6 9. d3 Bd7 10. Rb1 b5 11. b3 Be7 12. Bb2 O-O 13. e5 Nd5 14. Nxd5 Qxd5 15. c4 Qb7 16. d4 cxd4 17. exd6 Bxd6 18. Qxd4 Qa7 19. Qxa7 Rxa7 20. Bd4 Rb7 21. c5 Bxf4 22. a5 Bc6 23. Ne5 Bxe5 24. Bxe5 f5 25. b4 g5 26. Rbe1 f4 27. Rd1 Rf5 28. Rd8+ Kf7 29. Re1 g4 30. Rd6 f3 31. Bg3 Bd5 32. Rxa6 Kg6 33. c6 Rc7 34. Rc1 e5 35. Rb6 Kg5 36. Rc5 Bc4 37. gxf3 gxf3 38. Kf2 Kg4 39. Rb7 Rff7 40. Rxc7 Rxc7 41. Bxe5 Rc8 42. c7 Kf5 43. a6 Ke6 44. Kxf3 Bd5+ 45. Kf4 Rf8+ 46. Kg5 Rc8 47. Bf4 1-0

[Event "Lethbridge  op"]
[Site "Lethbridge CAN"]
[Date "2012.04.14"]
[Round "2"]
[White "Porter, Patrick"]
[Black "Rekhson, Vladislav"]
[Result "0-1"]
[WhiteElo "1774"]
[BlackElo "2043"]
[PlyCount "64"]
[GameId "2160767909509650"]
[EventDate "2012.04.14"]
[EventType "swiss"]
[EventRounds "5"]
[EventCountry "CAN"]

1. e4 c5 2. Nf3 a6 3. d4 cxd4 4. Nxd4 Nf6 5. Nc3 e5 6. Nde2 Bc5 7. Ng3 O-O 8. Bc4 d6 9. O-O Be6 10. Qe2 Nc6 11. h3 Nd4 12. Qd3 Bxc4 13. Qxc4 Nxc2 14. Rb1 Nd4 15. Bg5 h6 16. Be3 Rc8 17. Nd5 b5 18. Nxf6+ Qxf6 19. Qd3 Rc7 20. a4 Rfc8 21. axb5 axb5 22. Bxd4 Bxd4 23. Nf5 Rc4 24. Qa3 Rd8 25. Qa6 Bc5 26. Qxb5 Rxe4 27. Ng3 Rb4 28. Qc6 Qf4 29. Ne2 Qc4 30. Qf3 Rdb8 31. Ng3 Rxb2 32. Rbc1 Rxf2 0-1

[Event "Lethbridge  op"]
[Site "Lethbridge CAN"]
[Date "2012.04.14"]
[Round "2"]
[White "Sequillion, Aaron"]
[Black "Steele, Len"]
[Result "1-0"]
[WhiteElo "2016"]
[BlackElo "1758"]
[PlyCount "49"]
[GameId "2160767909509651"]
[EventDate "2012.04.14"]
[EventType "swiss"]
[EventRounds "5"]
[EventCountry "CAN"]

1. e4 g6 2. d4 Bg7 3. Nc3 d6 4. Be3 e6 5. Qd2 b6 6. h4 h5 7. O-O-O Bb7 8. Kb1 Nd7 9. f4 Qe7 10. Nf3 O-O-O 11. Bd3 Kb8 12. f5 e5 13. fxg6 f6 14. dxe5 Nxe5 15. Nxe5 dxe5 16. Qe2 Nh6 17. Qxh5 Bc8 18. Bxh6 Rxh6 19. Qe2 Rxg6 20. Nd5 Qf8 21. Ne3 Bh6 22. Nf5 Rg8 23. Bc4 Rxd1+ 24. Rxd1 Rh8 25. Ba6 1-0

[Event "Lethbridge  op"]
[Site "Lethbridge CAN"]
[Date "2012.04.14"]
[Round "2"]
[White "Yearwood, Roy"]
[Black "Wallbank, Andrew"]
[Result "1-0"]
[WhiteElo "2118"]
[BlackElo "1804"]
[PlyCount "47"]
[GameId "2160767909509653"]
[EventDate "2012.04.14"]
[EventType "swiss"]
[EventRounds "5"]
[EventCountry "CAN"]

1. e4 e6 2. d4 d5 3. Nc3 Bb4 4. e5 c5 5. a3 Bxc3+ 6. bxc3 Qc7 7. Nf3 Nc6 8. h4 Nge7 9. h5 h6 10. Be2 Bd7 11. a4 Qa5 12. Kf1 c4 13. Bd2 Nd8 14. Nh4 Bxa4 15. f4 Nf5 16. Nxf5 exf5 17. g4 fxg4 18. Bxg4 Qa6 19. f5 Qc6 20. f6 g5 21. hxg6 fxg6 22. e6 Bb5 23. f7+ Kf8 24. Bxh6+ 1-0

[Event "Lethbridge  op"]
[Site "Lethbridge CAN"]
[Date "2012.04.14"]
[Round "3"]
[White "Berndtsson, Kurt"]
[Black "Davies, Jack"]
[Result "0-1"]
[WhiteElo "1259"]
[BlackElo "1624"]
[PlyCount "65"]
[GameId "2160767909509654"]
[EventDate "2012.04.14"]
[EventType "swiss"]
[EventRounds "5"]
[EventCountry "CAN"]

1. d4 Nf6 2. Nf3 g6 3. e3 Bg7 4. Bd3 O-O 5. Nbd2 c5 6. O-O cxd4 7. Nxd4 Nc6 8. N2f3 a6 9. c3 Qc7 10. h3 Na5 11. Qe2 e5 12. Bf5 exd4 13. Bc2 dxc3 14. b3 b5 15. Ba3 Re8 16. Rac1 Nc6 17. Qd3 b4 18. Qc4 bxa3 19. Ng5 d5 20. Qxc3 Ne4 21. Qd3 Nxg5 22. Qxd5 Re5 23. Qd1 Bb7 24. h4 Ne4 25. f3 Nc3 26. Qe1 Rxe3 27. Qd2 Rd8 28. Bd3 Ne4 29. Qc2 Rexd3 30. Kh1 Ng3+ 31. Kh2 Qe7 32. Kh3 Nxf1 33. g4 0-1

[Event "Lethbridge  op"]
[Site "Lethbridge CAN"]
[Date "2012.04.14"]
[Round "3"]
[White "Rekhson, Vladislav"]
[Black "Dunn, Garth"]
[Result "1-0"]
[WhiteElo "2043"]
[BlackElo "1721"]
[PlyCount "59"]
[GameId "2160767909509656"]
[EventDate "2012.04.14"]
[EventType "swiss"]
[EventRounds "5"]
[EventCountry "CAN"]

1. e4 c5 2. Nf3 d6 3. d4 cxd4 4. Qxd4 Nc6 5. Bb5 Bd7 6. Bxc6 Bxc6 7. Nc3 e5 8. Qd3 Nf6 9. Bg5 h6 10. Bh4 g5 11. Bg3 Nh5 12. O-O-O Qa5 13. Nd2 b5 14. Nb3 Qa6 15. Nd5 Rc8 16. Kb1 Bxd5 17. Qxd5 Nf6 18. Qd3 Be7 19. h4 g4 20. f4 Qc6 21. Rhe1 Nh5 22. fxe5 Nxg3 23. Nd4 Qc4 24. Qxg3 Qc7 25. exd6 Bxd6 26. e5 Be7 27. Qxg4 Bb4 28. c3 Bc5 29. Nxb5 Rb8 30. Nxc7+ 1-0

[Event "Lethbridge  op"]
[Site "Lethbridge CAN"]
[Date "2012.04.14"]
[Round "3"]
[White "Viau, Ferni"]
[Black "Davis-Imhof, Peter"]
[Result "0-1"]
[WhiteElo "1427"]
[BlackElo "1622"]
[PlyCount "64"]
[GameId "2160767909509658"]
[EventDate "2012.04.14"]
[EventType "swiss"]
[EventRounds "5"]
[EventCountry "CAN"]

1. e4 c5 2. Nf3 Nc6 3. Nc3 e6 4. d4 cxd4 5. Nxd4 Nf6 6. Nxc6 bxc6 7. g4 Bb4 8. f3 Bxc3+ 9. bxc3 O-O 10. h4 d5 11. e5 Nd7 12. f4 f6 13. g5 fxe5 14. g6 h6 15. f5 exf5 16. Bxh6 gxh6 17. Qh5 Kg7 18. Bh3 Nf6 19. Qe2 e4 20. Qe3 Ng4 21. Qd4+ Qf6 22. Qc5 Qxh4+ 23. Ke2 Ba6+ 24. Kd2 e3+ 25. Kc1 f4 26. a4 Nf2 27. Kb2 Nxh1 28. Rxh1 e2 29. Qxc6 Rab8+ 30. Ka3 Qe7+ 31. Ka2 Bc4+ 32. Ka1 Qa3# 0-1

[Event "Lethbridge  op"]
[Site "Lethbridge CAN"]
[Date "2012.04.15"]
[Round "4"]
[White "Berndtsson, Kurt"]
[Black "Viau, Ferni"]
[Result "0-1"]
[WhiteElo "1259"]
[BlackElo "1427"]
[PlyCount "51"]
[GameId "2160767909509659"]
[EventDate "2012.04.14"]
[EventType "swiss"]
[EventRounds "5"]
[EventCountry "CAN"]

1. e4 e5 2. Bc4 Nf6 3. Nc3 Be7 4. a3 d6 5. h3 Nc6 6. Nge2 Be6 7. Bxe6 fxe6 8. O-O h5 9. d4 Qd7 10. Be3 O-O-O 11. d5 exd5 12. exd5 Nd4 13. Nxd4 exd4 14. Qxd4 b6 15. a4 c5 16. Qd3 Qb7 17. Rfe1 Nd7 18. Bf4 Rde8 19. Nb5 Qb8 20. a5 g5 21. Nxd6+ Bxd6 22. Rxe8+ Rxe8 23. Qa6+ Kc7 24. axb6+ Nxb6 25. Qxa7+ Kc8 26. Qxb8+ 0-1